| 000 | 00368nam a2200145Ia 4500 | ||
|---|---|---|---|
| 005 | 20251222143313.0 | ||
| 008 | 251222s9999||||xx |||||||||||||| ||spa|| | ||
| 020 | _a958-9089-18-6 | ||
| 082 | _a001.420.7/B83 | ||
| 100 | _aBriones, Guillermo | ||
| 245 | 0 | _aLa investigación social y educativa | |
| 250 | _a3a. ed. | ||
| 264 | _bConvenio Andrés Bello | ||
| 942 | _cLIB | ||
| 999 |
_c15797 _d15797 |
||